| 000 | 01447nam0a2200289 4500 | ||
|---|---|---|---|
| 001 | RU\NLR\bibl\900501 | ||
| 005 | 20250614175858.0 | ||
| 010 |
_a5-7964-0609-4 _9200 |
||
| 021 |
_aRU _b2005-82508 _94073 |
||
| 035 | _a(NLR Aleph) 000888937 | ||
| 090 |
_a1706041 _c1706041 |
||
| 100 | _a20060126d2004 |||y0rusy50 ca | ||
| 101 | 0 | _arus | |
| 102 | _aRU | ||
| 105 | _aa ||||||||| | ||
| 200 | 1 |
_aМетоды и средства измерения параметров электрических цепей на постоянном токе _e[для инженеров и научных работников] _fВ.С. Мелентьев _gМ-во образования и науки Рос. Федерации, Гос. образоват. учреждение высш. проф. образования "Сам. гос. техн. ун-т" |
|
| 210 |
_aСамара _cСамарский государственный технический университет _d2004 |
||
| 215 |
_a119 с. _cил. _d24 |
||
| 320 | _aБиблиогр.: с. 115-117 (36 назв.) | ||
| 606 | 1 |
_aЭлектрические цепи постоянного тока _xПараметры _xИзмерение _92414974 _3RU\NLR\auth\661438585 |
|
| 686 | _aЗ221.1 | ||
| 700 | 1 |
_aМелентьев _bВ. С. _gВладимир Сергеевич _4070 |
|
| 801 | 0 |
_aRU _bNLR _c20060126 _grcr |
|
| 801 | 1 |
_aRU _bNLR _c20060126 |
|
| 942 | _cBOOK | ||
| 980 | _aNB | ||